000 01111nam a2200253 a 4500
003 BD-DhJNU
005 20251116071040.0
008 251108s2024 bg |||g |||| 000 1|ben|d
020 _a9847021200030
040 _aBD-DhJNU
_bben
_cBD-DhJNU
_dBD-DhJNU
041 _aben
082 _a782.429 LAL
_223
242 1 0 _aLalon Shamogra / Edited by Abul Ahsan Chowdhury
245 1 0 _aলালনসমগ্র :
_bপ্রামান্য লালনগীতি সমগ্র /
_cআবুল আহসান চৌধূরী (সম্পাদিত)
246 _aLalon Shamogra
260 _aঢাকা :
_bপাঠক সমাবেশ,
_c2024.
300 _a1336 পৃ. :
_bচিত্র ;
_c২২ সেমি.।
504 _aগ্রন্থপঞ্জিগত নির্দেশিকা ও নিঘন্ট অন্তভূক্ত
650 _aলালন প্রবন্ধ
650 _aBangla poetry
650 _aFolk songs, Bengali -- Bangladesh
700 a _aচৌধুরী, আবুল আহসান
_eসম্পাদক
942 _cBK
999 _c2372
_d2372